Normal view
MARC view
- Loiseaux, M.
Entry Nombre Personal
001 - NUMERO DE CONTROL
- campo de control: 51226
003 - IDENTIFICADOR DE NUMERO DE CONTROL
- campo de control: MX-MxUPN
005 - FECHA Y HORA DE LA ÜLTIMA TRANSACCIÓN
- campo de control: 20240227101618.0
008 - DATOS DE LONGITUD FIJA
- campo de control de longitud fija: 240227nn fcannaabn | a|a d
040 ## - FUENTE DE CATALOGACIÓN
- Agencia original de catalogación: MX-MxUPN
- Lenguaje de catalogación: spa
100 1# - ENCABEZAMIENTO - NOMBRE PERSONAL
- Nombre personal: Loiseaux, M.
670 ## - FUENTE EN LA QUE SE LOCALIZARON DATOS
- Cita de la fuente: Mis primeras palabras, 2003 :
- Información localizada: cubierta (M. Loiseaux)
902 ## - CATALOGADOR
- Catalogador: VíctorGodínez/270224
